000 01457nmc a2200505 a 4500
003 AR-BaBNM
005 20251128203211.0
008 136019s1985 ||||||||||||||000 | spa||
020 _a84-249-0978-X
040 _cAR-BaBNM
100 1 _aBousoño, Carlos
245 1 0 _aTeoría de la expresión poética
_n1
250 _a7ª ed.
260 _aMadrid
_bGredos
_c1985
300 0 _a610 p.
490 0 _aBiblioteca Románica Hispánica. Estudios y Ensayos
_vv. 7
500 0 _aContiene nota a la sexta edición en p. 7
500 0 _aNota a la séptima edición en p. 8
600 1 4 _aCroce, Benedetto
600 1 4 _aVerlaine, Paul
600 1 4 _aJiménez, Juan Ramón
600 1 4 _aGarcía Lorca, Federico
600 1 4 _aDarío, Rubén
600 1 4 _aMachado, Antonio
600 1 4 _aBecquer, Gustavo Adolfo
600 0 4 _aJuan de la Cruz
600 1 4 _aAleixandre, Vicente
600 1 4 _aAlonso, Dámaso
600 1 4 _aGuillen, Nicolás
600 1 4 _aGóngora, Luis de
600 1 4 _aVega, Garcilaso de la
_d1503-1536
600 1 4 _aLeón, Luis de
600 1 4 _aQuevedo y Villegas, Francisco de
600 1 4 _aGuillen, Jorge
650 4 _aHISTORIA LITERARIA
650 4 _aPOESIA
650 4 _aANALISIS LITERARIO
650 4 _aCRITICA LITERARIA
650 4 _aINVESTIGACION LITERARIA
653 0 _aTEORIA DE LA ENUNCIACION
655 _aLITERATURA
800 1 _aAlonso, Dámaso
_edirector
942 _cBK
998 _cisola
999 _c2356
_d2356